[Event "Cto Equipos Aragon 2013 Preferente I"]
[Site "Aragon"]
[Date "2013.02.16"]
[Round "4.47"]
[White "Santos Hernandez, Higinio"]
[Black "Fuentes Espuna, Juan Antonio"]
[Result "0-1"]
[WhiteElo "1630"]
[BlackElo "1912"]
[PlyCount "56"]
[EventDate "2013.??.??"]
[EventType "tourn"]
[EventRounds "9"]
[EventCountry "ESP"]
[WhiteTeam "Shatranj"]
[BlackTeam "L`Aurora Estadilla B"]

1. d4 c5 2. e3 g6 3. Nf3 Bg7 4. c3 cxd4 5. exd4 Nf6 6. Bc4 O-O 7. O-O d5 8. Bb3
Nc6 9. Re1 Bg4 10. h3 Bxf3 11. Qxf3 Na5 12. Bc2 Rc8 13. Qe2 e6 14. Nd2 Nc6 15.
Nf3 Qc7 16. Bg5 Nh5 17. Qd2 Rfe8 18. Bh6 a6 19. Bxg7 Kxg7 20. a4 Na5 21. Qe2
Nc4 22. Ra2 Nf4 23. Qd1 b5 24. axb5 axb5 25. g3 Nh5 26. Bd3 Rb8 27. Bxc4 bxc4
28. Qd2 Rb3 0-1

[Event "Cto Equipos Aragon 2013 Preferente I"]
[Site "Aragon"]
[Date "2013.02.16"]
[Round "4.48"]
[White "Pellicer Cerezuela, Miguel"]
[Black "Alvaro Rada, Gonzalo"]
[Result "1-0"]
[WhiteElo "1794"]
[BlackElo "1581"]
[PlyCount "61"]
[EventDate "2013.??.??"]
[EventType "tourn"]
[EventRounds "9"]
[EventCountry "ESP"]
[WhiteTeam "L`Aurora Estadilla B"]
[BlackTeam "Shatranj"]

1. d4 d5 2. c4 c6 3. Nc3 Nf6 4. Bg5 Nbd7 5. e3 h6 6. Bh4 g5 7. Bg3 Bg7 8. Nf3
O-O 9. Bd3 Re8 10. Qc2 dxc4 11. Bxc4 e6 12. O-O Nh5 13. Rad1 Nxg3 14. hxg3 Qc7
15. a4 Nb6 16. Bb3 Re7 17. e4 Kh8 18. Ba2 f5 19. exf5 exf5 20. a5 Nd5 21. Nxd5
cxd5 22. Qxc7 Rxc7 23. Bxd5 Bd7 24. Rfe1 Bc6 25. Bxc6 bxc6 26. Re6 Rb8 27. Rb1
Rb5 28. Ne5 Bxe5 29. Rxe5 Rxe5 30. dxe5 a6 31. Kf1 1-0

[Event "Cto Equipos Aragon 2013 Preferente I"]
[Site "Aragon"]
[Date "2013.02.16"]
[Round "4.49"]
[White "Malo Guillen, Jose Luis"]
[Black "Soriano Ascaso, Ignacio"]
[Result "1-0"]
[WhiteElo "2170"]
[BlackElo "2131"]
[PlyCount "91"]
[EventDate "2013.??.??"]
[EventType "tourn"]
[EventRounds "9"]
[EventCountry "ESP"]
[WhiteTeam "Las Fuentes"]
[BlackTeam "Sabiñanigo"]

1. d4 Nf6 2. c4 g6 3. Nc3 Bg7 4. e4 d6 5. f3 O-O 6. Be3 Nc6 7. Qd2 a6 8. Nge2
Rb8 9. Nc1 e5 10. d5 Nd4 11. Nb3 c5 12. dxc6 bxc6 13. Nxd4 exd4 14. Bxd4 Qa5
15. Ne2 Qxd2+ 16. Kxd2 Be6 17. b3 a5 18. Bc3 d5 19. Nd4 dxe4 20. Nxc6 exf3 21.
gxf3 Rb6 22. Nd4 Rd6 23. Kc2 Rfd8 24. Nxe6 fxe6 25. Bxa5 Nh5 26. Bxd8 Bxa1 27.
Bg5 Bd4 28. Bh3 Kf7 29. b4 Ra6 30. Kb3 e5 31. a4 Nf4 32. Bxf4 exf4 33. Re1 g5
34. Bd7 h5 35. Be8+ Kg7 36. Bxh5 Rh6 37. Bg4 Rxh2 38. c5 Rb2+ 39. Kc4 Be3 40.
c6 Kf8 41. Rd1 Ke8 42. Kb5 Rc2 43. a5 Rc3 44. Rd5 Ke7 45. Rd7+ Ke8 46. c7 1-0

[Event "Cto Equipos Aragon 2013 Preferente I"]
[Site "Aragon"]
[Date "2013.02.16"]
[Round "4.50"]
[White "Pardo Calvo, Carlos"]
[Black "Alonso Blasco, Jose Miguel"]
[Result "0-1"]
[WhiteElo "1818"]
[BlackElo "2116"]
[PlyCount "78"]
[EventDate "2013.??.??"]
[EventType "tourn"]
[EventRounds "9"]
[EventCountry "ESP"]
[WhiteTeam "Sabiñanigo"]
[BlackTeam "Las Fuentes"]

1. e4 c6 2. d4 d5 3. Nd2 dxe4 4. Nxe4 Nf6 5. Nxf6+ gxf6 6. Nf3 Bf5 7. Bd3 Bg6
8. h4 Bh5 9. c3 e6 10. Bf4 Bd6 11. Bxd6 Qxd6 12. Be2 Nd7 13. Nd2 Bxe2 14. Qxe2
O-O-O 15. O-O-O Nb6 16. Nb3 Qd5 17. g4 Rdg8 18. f4 a5 19. Kb1 Nc4 20. Rhg1 b6
21. Rde1 Qb5 22. Nc1 Na3+ 23. Ka1 Qxe2 24. Rxe2 Nb5 25. a4 Nd6 26. Nd3 h6 27.
Reg2 Rg7 28. h5 Rhg8 29. b3 Nf5 30. Nf2 Ne3 31. Rg3 Nd5 32. Ne4 f5 33. gxf5
Rxg3 34. Rxg3 Rxg3 35. Nxg3 Nxc3 36. fxe6 fxe6 37. f5 Kd7 38. Kb2 Nd5 39. Kc1
Ne3 0-1

[Event "Cto Equipos Aragon 2013 Preferente I"]
[Site "Aragon"]
[Date "2013.02.16"]
[Round "4.51"]
[White "Mombiela de Sus, Jose Luis"]
[Black "Garcia Estruch, Jorge"]
[Result "1-0"]
[WhiteElo "2030"]
[BlackElo "1796"]
[PlyCount "85"]
[EventDate "2013.??.??"]
[EventType "tourn"]
[EventRounds "9"]
[EventCountry "ESP"]
[WhiteTeam "Las Fuentes"]
[BlackTeam "Sabiñanigo"]

1. f4 e5 2. fxe5 d6 3. exd6 Bxd6 4. Nf3 Bg4 5. e4 Nc6 6. Bb5 Nge7 7. d4 a6 8.
Bxc6+ Nxc6 9. c3 O-O 10. O-O Re8 11. Nbd2 Bf4 12. Qc2 Qe7 13. e5 Rad8 14. Qe4
Bxd2 15. Qxg4 Bxc1 16. Raxc1 f6 17. Rce1 fxe5 18. Nxe5 Nxe5 19. Rxe5 Qd6 20.
Rfe1 Rxe5 21. Rxe5 h6 22. Re6 Qd7 23. Qe4 Qf7 24. Re7 Qh5 25. Qe2 Qg5 26. Rxc7
Rf8 27. g3 h5 28. Re7 h4 29. Re5 Qg6 30. Kg2 Qf6 31. c4 Qh6 32. Rh5 Qd6 33. d5
hxg3 34. hxg3 g6 35. Rg5 Kg7 36. Qe6 Qxe6 37. dxe6 Kf6 38. Rg4 g5 39. Re4 Rd8
40. e7 Re8 41. Kf3 Kf5 42. g4+ Kf6 43. Ke3 1-0

[Event "Cto Equipos Aragon 2013 Preferente I"]
[Site "Aragon"]
[Date "2013.02.16"]
[Round "4.52"]
[White "Paño Pinilla, Ernesto"]
[Black "Javierre Conesa, Alfonso"]
[Result "1/2-1/2"]
[WhiteElo "1565"]
[BlackElo "2011"]
[PlyCount "144"]
[EventDate "2013.??.??"]
[EventType "tourn"]
[EventRounds "9"]
[EventCountry "ESP"]
[WhiteTeam "Sabiñanigo"]
[BlackTeam "Las Fuentes"]

1. Nf3 d5 2. g3 Nf6 3. Bg2 c6 4. O-O Bf5 5. d3 Nbd7 6. Nbd2 e5 7. e4 dxe4 8.
dxe4 Bg4 9. Re1 Be7 10. Nf1 O-O 11. Ne3 Bxf3 12. Qxf3 g6 13. Rd1 Qc7 14. Ng4
Nxg4 15. Qxg4 Nf6 16. Qf3 Rad8 17. Bh6 Rfe8 18. Bg5 Nh5 19. Bxe7 Qxe7 20. Bf1
Ng7 21. Bc4 Ne6 22. Bxe6 Qxe6 23. Rd3 Rd4 24. c3 Rxd3 25. Qxd3 f6 26. b3 Kf7
27. Rd1 h5 28. Qe3 h4 29. Qh6 g5 30. Qh7+ Kf8 31. Rd7 Re7 32. Rd8+ Re8 33. Qh8+
Kf7 34. Qh7+ Kf8 35. Rxe8+ Kxe8 36. Qxb7 h3 37. Qb8+ Kf7 38. Qxa7+ Kg6 39. Qe3
Qd6 40. Qe2 Qa3 41. c4 Qc1+ 42. Qf1 Qc2 43. Qxh3 Qxe4 44. Qg2 Qb1+ 45. Qf1 Qxa2
46. Qd3+ Kh6 47. b4 Qb2 48. b5 cxb5 49. cxb5 e4 50. Qxe4 Qxb5 51. Qe6 Kg6 52.
h3 Qb2 53. h4 gxh4 54. Qg4+ Kf7 55. gxh4 Qd2 56. Kg2 Qd5+ 57. Kh2 Qe5+ 58. Kh3
Qe1 59. Qg2 Qe6+ 60. Kh2 Qe2 61. f3 Qe5+ 62. Kh3 Ke7 63. Qg7+ Ke8 64. Qg6+ Kf8
65. h5 Qf4 66. Qg4 Qc1 67. Qg6 Qf4 68. Qg4 Qc1 69. Qb4+ Kg7 70. Qe7+ Kh6 71.
Qxf6+ Kxh5 72. Qh8+ Kg5 1/2-1/2

[Event "Cto Equipos Aragon 2013 Preferente II"]
[Site "Aragon"]
[Date "2013.02.16"]
[Round "4.53"]
[White "Hinojar Basa, Alfonso"]
[Black "Cebrian Valverde, Jose Antonio"]
[Result "1-0"]
[WhiteElo "2199"]
[BlackElo "2129"]
[PlyCount "81"]
[EventDate "2013.??.??"]
[EventType "tourn"]
[EventRounds "9"]
[EventCountry "ESP"]
[WhiteTeam "Marcos Frechin"]
[BlackTeam "San Jose"]

1. e4 e6 2. d4 d5 3. Nc3 Bb4 4. e5 Ne7 5. a3 Bxc3+ 6. bxc3 c5 7. Nf3 Qc7 8. h4
b6 9. h5 h6 10. Bb5+ Bd7 11. Bd3 Nbc6 12. Kf1 c4 13. Be2 O-O-O 14. a4 Kb7 15.
Ba3 Nc8 16. Qc1 f6 17. Qe3 a5 18. g3 N6e7 19. Nh4 Rdf8 20. Ng6 Nxg6 21. hxg6
fxe5 22. Bxf8 Rxf8 23. dxe5 Ne7 24. f4 Nxg6 25. Kg2 Ne7 26. Rhb1 Bc6 27. Bf3 g5
28. Qc5 Rf7 29. Qxa5 d4 30. Qb5 Nd5 31. Bxd5 exd5 32. Qb4 dxc3 33. a5 b5 34.
a6+ Ka8 35. Qc5 d4+ 36. Kg1 gxf4 37. a7 f3 38. Kf2 Rd7 39. Rh1 Rd5 40. Qf8+ Rd8
41. Qc5 $138 1-0

[Event "Cto Equipos Aragon 2013 Preferente II"]
[Site "Aragon"]
[Date "2013.02.16"]
[Round "4.54"]
[White "Gutierrez Minguenza, Ruben"]
[Black "Sebastian Bespin, Ruben"]
[Result "1/2-1/2"]
[WhiteElo "2078"]
[BlackElo "2158"]
[PlyCount "75"]
[EventDate "2013.??.??"]
[EventType "tourn"]
[EventRounds "9"]
[EventCountry "ESP"]
[WhiteTeam "San Jose"]
[BlackTeam "Marcos Frechin"]

1. d4 Nf6 2. Nf3 d5 3. g3 e6 4. Bg2 Be7 5. O-O Nbd7 6. c4 O-O 7. Qc2 Ne4 8. Nc3
Nxc3 9. bxc3 Bf6 10. cxd5 exd5 11. c4 dxc4 12. e4 g6 13. Bh6 Bg7 14. Bxg7 Kxg7
15. Qxc4 c6 16. Qc3 Nf6 17. Ne5 Re8 18. Rab1 Qe7 19. Rfe1 c5 20. f4 cxd4 21.
Qxd4 Be6 22. Qb2 Rad8 23. Red1 Kg8 24. a4 Ng4 25. Nxg4 Bxg4 26. Rd5 Rxd5 27.
exd5 b6 28. Qf2 Qa3 29. Re1 Rxe1+ 30. Qxe1 Qxa4 31. Qe5 Qd1+ 32. Kf2 Qd2+ 33.
Kg1 Qc1+ 34. Kf2 Qc5+ 35. Kf1 Qc1+ 36. Kf2 Qd2+ 37. Kf1 Qd1+ 38. Kf2 1/2-1/2

[Event "Cto Equipos Aragon 2013 Preferente II"]
[Site "Aragon"]
[Date "2013.02.16"]
[Round "4.55"]
[White "Sancho Cortes, Miguel Angel"]
[Black "Palomar Ramon, Santiago"]
[Result "1/2-1/2"]
[WhiteElo "2083"]
[BlackElo "1970"]
[PlyCount "118"]
[EventDate "2013.??.??"]
[EventType "tourn"]
[EventRounds "9"]
[EventCountry "ESP"]
[WhiteTeam "Marcos Frechin"]
[BlackTeam "San Jose"]

1. e4 e5 2. Nf3 Nc6 3. Bc4 d6 4. d4 exd4 5. Nxd4 Nxd4 6. Qxd4 Ne7 7. Be3 Nc6 8.
Qd2 Be6 9. Bb5 Be7 10. Nc3 O-O 11. Nd5 Ne5 12. Be2 f5 13. Nf4 Qd7 14. Nxe6 Qxe6
15. Qd5 Qxd5 16. exd5 f4 17. Bd4 f3 18. gxf3 Nxf3+ 19. Bxf3 Rxf3 20. Rg1 Bf6
21. Bxf6 Rxf6 22. Rg2 Re8+ 23. Kd2 Rf5 24. c4 Re4 25. b3 Rfe5 26. f3 Rd4+ 27.
Kc2 Re3 28. Rf1 Rf4 29. Rgf2 Kf7 30. Kd2 Re5 31. Re2 Rd4+ 32. Ke1 b5 33. Rxe5
dxe5 34. cxb5 Rxd5 35. Ke2 Rxb5 36. Rc1 c5 37. Kd3 Ke6 38. Kc4 Rb7 39. Rd1 Rf7
40. Rd3 g5 41. Kxc5 Rc7+ 42. Kb5 Rc2 43. a4 Rxh2 44. a5 Rc2 45. Ka6 Rc7 46. b4
h5 47. b5 h4 48. b6 axb6 49. axb6 Rh7 50. Rc3 Kf5 51. Rc7 Rh6 52. Kb5 Rxb6+ 53.
Kxb6 Kf4 54. Rf7+ Kg3 55. Kc5 h3 56. Kd5 h2 57. Rh7 Kg2 58. Kxe5 h1=Q 59. Rxh1
Kxh1 1/2-1/2

[Event "Cto Equipos Aragon 2013 Preferente II"]
[Site "Aragon"]
[Date "2013.02.16"]
[Round "4.56"]
[White "Glaria Tevar, Salvador"]
[Black "Ciriano Lamban, Alejandro"]
[Result "1/2-1/2"]
[WhiteElo "1898"]
[BlackElo "1793"]
[PlyCount "68"]
[EventDate "2013.??.??"]
[EventType "tourn"]
[EventRounds "9"]
[EventCountry "ESP"]
[WhiteTeam "San Jose"]
[BlackTeam "Marcos Frechin"]

1. d4 Nf6 2. Nc3 d6 3. e4 e5 4. Nf3 Nbd7 5. Bc4 Be7 6. Qe2 O-O 7. O-O c6 8. a4
exd4 9. Nxd4 Ne5 10. Bf4 Nxc4 11. Qxc4 Nxe4 12. Nxe4 d5 13. Qe2 dxe4 14. Qxe4
Bf6 15. Rad1 Qa5 16. Bd6 Rd8 17. Rfe1 Bd7 18. b4 Qh5 19. Nf3 Bf5 20. Qc4 Bg4
21. Qb3 Bxf3 22. Qxf3 Qxf3 23. gxf3 Bc3 24. Rf1 Re8 25. Rd3 Bf6 26. c4 Re2 27.
Rfd1 Rc2 28. c5 Rb2 29. b5 cxb5 30. Be5 Rc2 31. Bxf6 gxf6 32. Rd7 Rxc5 33. Rxb7
bxa4 34. Rdd7 a3 1/2-1/2

[Event "Cto Equipos Aragon 2013 Preferente II"]
[Site "Aragon"]
[Date "2013.02.16"]
[Round "4.57"]
[White "Neila Castillo, Miguel Angel"]
[Black "Bailo Remacha, Santiago"]
[Result "1-0"]
[WhiteElo "2075"]
[BlackElo "2030"]
[PlyCount "51"]
[EventDate "2013.??.??"]
[EventType "tourn"]
[EventRounds "9"]
[EventCountry "ESP"]
[WhiteTeam "CCOO Delicias B"]
[BlackTeam "El Olivar B"]

1. e4 c5 2. Nf3 d6 3. Nc3 Nf6 4. d4 cxd4 5. Nxd4 a6 6. Bc4 e6 7. O-O b5 8. Bb3
b4 9. Na4 Nxe4 10. f4 g6 11. f5 gxf5 12. Nxf5 Bb7 13. Bxe6 fxe6 14. Qh5+ Kd7
15. Qf7+ Be7 16. Be3 exf5 17. Qxf5+ Ke8 18. Bb6 Qc8 19. Qf7+ Kd7 20. Ba5 Kc6
21. Nb6 Qg8 22. Qxe7 Kb5 23. Qxb7 Nc5 24. Rf5 Kxa5 25. b3 d5 26. Nc4+ 1-0

[Event "Cto Equipos Aragon 2013 Preferente II"]
[Site "Aragon"]
[Date "2013.02.16"]
[Round "4.58"]
[White "Bayod Rubia, Angel"]
[Black "Pes Mateo, Angel"]
[Result "0-1"]
[WhiteElo "2024"]
[BlackElo "2029"]
[PlyCount "74"]
[EventDate "2013.??.??"]
[EventType "tourn"]
[EventRounds "9"]
[EventCountry "ESP"]
[WhiteTeam "El Olivar B"]
[BlackTeam "CCOO Delicias B"]

1. e4 c5 2. Nf3 d6 3. d4 cxd4 4. Qxd4 e5 5. Bb5+ Nd7 6. Qd3 Be7 7. Nc3 Ngf6 8.
O-O O-O 9. Bg5 Nc5 10. Qe3 Be6 11. Bxf6 Bxf6 12. Rfd1 a6 13. Bf1 Qc7 14. Rd2
Be7 15. Ne1 f5 16. exf5 Rxf5 17. Nd5 Bxd5 18. Rxd5 Raf8 19. b4 Ne6 20. Bd3 R5f6
21. Nf3 Nf4 22. Ra5 g6 23. Be4 Qc4 24. Qb3 Qxb3 25. axb3 d5 26. Bxd5+ Nxd5 27.
Rxd5 Bxb4 28. Nxe5 Bc3 29. Rad1 Rxf2 30. Ng4 R2f4 31. h3 h5 32. g3 Rf3 33. Nh2
Rxg3+ 34. Kh1 Rxh3 35. Kg2 Re3 36. R1d3 Re2+ 37. Kh3 Bf6 0-1

[Event "Cto Equipos Aragon 2013 Preferente II"]
[Site "Aragon"]
[Date "2013.02.16"]
[Round "4.59"]
[White "Dominguez Luzon, Fernando"]
[Black "Labrador Postigo, Francisco Manuel"]
[Result "1-0"]
[WhiteElo "1992"]
[BlackElo "1917"]
[PlyCount "97"]
[EventDate "2013.??.??"]
[EventType "tourn"]
[EventRounds "9"]
[EventCountry "ESP"]
[WhiteTeam "CCOO Delicias B"]
[BlackTeam "El Olivar B"]

1. d4 Nf6 2. Nf3 e6 3. c4 b6 4. g3 Bb7 5. Bg2 Be7 6. Nc3 O-O 7. Qc2 d5 8. Ne5
c6 9. e3 Nfd7 10. Nxd7 Nxd7 11. b3 Rc8 12. O-O c5 13. dxc5 Rxc5 14. Bb2 Rc7 15.
Nb5 Rc8 16. Nxa7 Ra8 17. Nb5 Qc8 18. a4 Nf6 19. Rac1 dxc4 20. Qxc4 Bxg2 21.
Qxc8 Raxc8 22. Kxg2 Nd5 23. Bd4 Bf6 24. e4 Bxd4 25. exd5 Bb2 26. Rc6 exd5 27.
Rxb6 Rfd8 28. Rd1 d4 29. Rd3 g5 30. Kf3 Rc2 31. a5 h5 32. a6 g4+ 33. Kg2 Ba1
34. a7 Ra2 35. Rb8 Rf8 36. Rxd4 Bxd4 37. Nxd4 Rxa7 38. Rb5 Rd7 39. Nf5 Rd2 40.
Ne7+ Kg7 41. Rxh5 Kf6 42. Nd5+ Kg6 43. Nf4+ Kf6 44. Nd5+ Ke6 45. Nf4+ Kd6 46.
Rf5 f6 47. b4 Rb2 48. b5 Kc7 49. Ne6+ 1-0

[Event "Cto Equipos Aragon 2013 Preferente II"]
[Site "Aragon"]
[Date "2013.02.16"]
[Round "4.60"]
[White "Gonzalez Marco, Miguel"]
[Black "Garcia Valer, Jesus V"]
[Result "0-1"]
[WhiteElo "1535"]
[BlackElo "1883"]
[PlyCount "42"]
[EventDate "2013.??.??"]
[EventType "tourn"]
[EventRounds "9"]
[EventCountry "ESP"]
[WhiteTeam "El Olivar B"]
[BlackTeam "CCOO Delicias B"]

1. d4 e5 2. d5 f5 3. c4 Nf6 4. Nc3 g6 5. Nf3 d6 6. Bg5 Bg7 7. Bxf6 Qxf6 8. e4
O-O 9. Bd3 Na6 10. a3 Nc5 11. O-O g5 12. Qe2 Nb3 13. Rae1 g4 14. Nd2 Nd4 15.
Qd1 f4 16. f3 g3 17. h3 Qh4 18. Ne2 Bxh3 19. gxh3 Qxh3 20. Nxg3 Qxg3+ 21. Kh1
Rf6 0-1

[Event "Cto Equipos Aragon 2013 Preferente II"]
[Site "Aragon"]
[Date "2013.02.16"]
[Round "4.61"]
[White "Cantin Zaborras, Valentin"]
[Black "Fernandez Rubio, Rafael"]
[Result "1/2-1/2"]
[WhiteElo "2123"]
[BlackElo "2062"]
[PlyCount "158"]
[EventDate "2013.??.??"]
[EventType "tourn"]
[EventRounds "9"]
[EventCountry "ESP"]
[WhiteTeam "Ramiro B"]
[BlackTeam "Tauste"]

1. e4 d6 2. d4 Nf6 3. Nc3 Nbd7 4. Nf3 e5 5. Bc4 Be7 6. O-O O-O 7. Re1 c6 8. a4
Qc7 9. h3 b6 10. b3 exd4 11. Nxd4 d5 12. Nxc6 dxc4 13. Nxe7+ Kh8 14. Nb5 Qe5
15. Ba3 Nc5 16. Qd6 Qg5 17. Bc1 Qh4 18. Ng6+ hxg6 19. Qxf8+ Kh7 20. Qxf7 Ncxe4
21. Be3 Bxh3 22. gxh3 Qxh3 23. Qc7 Qg4+ 24. Kf1 Nh5 25. Qh2 Rf8 26. Qg2 Qh4 27.
Rad1 Nf4 28. Bxf4 Rxf4 29. Rxe4 Rxe4 30. f3 Re5 31. Nd4 Rg5 32. Qf2 Qh3+ 33.
Ke1 Rg2 34. Qxg2 Qxg2 35. Rd2 Qg1+ 36. Ke2 cxb3 37. cxb3 g5 38. Rd3 g4 39. fxg4
Qxg4+ 40. Nf3 Qe4+ 41. Re3 Qc2+ 42. Nd2 a6 43. Re6 Qc5 44. Re4 g5 45. Kd3 Kg6
46. Nc4 b5 47. axb5 axb5 48. Ne3 Kh5 49. b4 Qc1 50. Kd4 Qb1 51. Ke5 Qd3 52. Nd5
Qg3+ 53. Ke6 Qf3 54. Ke5 Kg6 55. Ne3 Qf6+ 56. Kd5 Qd8+ 57. Kc5 Qc7+ 58. Kd4
Qd6+ 59. Kc3 Kf6 60. Rd4 Qc6+ 61. Kd3 Qf3 62. Re4 Qg3 63. Kd4 Qd6+ 64. Kc3 Kg6
65. Rd4 Qe5 66. Kd3 Kh5 67. Re4 Qb2 68. Rd4 Qb1+ 69. Kc3 Kg6 70. Rd6+ Kf7 71.
Rd4 Ke6 72. Rg4 Kf6 73. Rd4 Ke6 74. Rg4 Ke5 75. Kd2 Qb2+ 76. Kd3 Qb3+ 77. Kd2
Qa3 78. Rxg5+ Ke4 79. Rg4+ Ke5 1/2-1/2

[Event "Cto Equipos Aragon 2013 Preferente II"]
[Site "Aragon"]
[Date "2013.02.16"]
[Round "4.63"]
[White "Munoz Suarez, Luis Alberto"]
[Black "Sancho Casale, Jesus"]
[Result "0-1"]
[WhiteElo "1996"]
[BlackElo "1941"]
[PlyCount "121"]
[EventDate "2013.??.??"]
[EventType "tourn"]
[EventRounds "9"]
[EventCountry "ESP"]
[WhiteTeam "Ramiro B"]
[BlackTeam "Tauste"]

1. e4 e5 2. Nf3 Nc6 3. Nc3 Nf6 4. Bb5 Nd4 5. Ba4 Bc5 6. Nxe5 O-O 7. Nd3 Bb6 8.
e5 c6 9. O-O Ne8 10. Ne4 Qh4 11. Ng3 d5 12. Qh5 Qxh5 13. Nxh5 Bf5 14. Ne1 Bg4
15. Ng3 f5 16. c3 Ne2+ 17. Nxe2 Bxe2 18. d4 f4 19. Nf3 Bxf1 20. Kxf1 Nc7 21.
Bd2 Ne6 22. Bb3 Ba5 23. Rd1 b5 24. Bc2 Bb6 25. h4 Bd8 26. Kg1 Be7 27. Kh2 a5
28. Kh3 b4 29. Ba4 Rac8 30. Kg4 Rc7 31. Rc1 bxc3 32. Bxc3 c5 33. Rd1 c4 34. a3
g6 35. Bc2 Rb7 36. Ba4 Rc7 37. Bc2 Ra8 38. Ng5 Bxg5 39. hxg5 Kg7 40. Ba4 Rf8
41. Bc2 f3 42. g3 Ra7 43. Rc1 Rb7 44. Bd1 Rf5 45. Bxf3 Rxg5+ 46. Kh3 Rd7 47.
Rd1 h5 48. Rd2 Rf5 49. Kg2 Ng5 50. Bd1 Ne4 51. Bxa5 Nxd2 52. Bxd2 Rdf7 53. Be1
Rb7 54. Bc3 Rf8 55. f4 Rfb8 56. Bf3 Rxb2+ 57. Bxb2 Rxb2+ 58. Kf1 c3 59. Ke1
Rb1+ 60. Ke2 c2 61. Kd2 0-1

[Event "Cto Equipos Aragon 2013 Preferente II"]
[Site "Aragon"]
[Date "2013.02.16"]
[Round "4.64"]
[White "Muro Turon, Raul"]
[Black "Pueyo Marina, Gerardo"]
[Result "1-0"]
[WhiteElo "1862"]
[BlackElo "1939"]
[PlyCount "27"]
[EventDate "2013.??.??"]
[EventType "tourn"]
[EventRounds "9"]
[EventCountry "ESP"]
[WhiteTeam "Tauste"]
[BlackTeam "Ramiro B"]

1. e4 c6 2. d4 d5 3. Nc3 g6 4. f3 Nh6 5. Be3 f6 6. Qd2 Nf7 7. O-O-O Bg7 8. h4
dxe4 9. fxe4 Bg4 10. Be2 Bxe2 11. Qxe2 Nd7 12. h5 Qa5 13. Qg4 Nf8 14. h6 1-0

[Event "Cto Equipos Aragon 2013 Preferente II"]
[Site "Aragon"]
[Date "2013.02.16"]
[Round "4.65"]
[White "Garcia Fernandez, Javier"]
[Black "Planas Torrea, Francisco Javier"]
[Result "1-0"]
[WhiteElo "2168"]
[BlackElo "1996"]
[PlyCount "109"]
[EventDate "2013.??.??"]
[EventType "tourn"]
[EventRounds "9"]
[EventCountry "ESP"]
[WhiteTeam "Teruel"]
[BlackTeam "Ejea"]

1. e4 c6 2. d4 d5 3. Nc3 dxe4 4. Nxe4 Bf5 5. Ng3 Bg6 6. Bc4 e6 7. N1e2 Bd6 8.
O-O Qc7 9. f4 Ne7 10. Bd3 Nd7 11. Ne4 O-O-O 12. c4 c5 13. N2c3 a6 14. Nxd6+
Qxd6 15. Bxg6 hxg6 16. Ne4 Qc6 17. Ng5 Rhf8 18. b4 Nf5 19. d5 Qb6 20. g4 exd5
21. gxf5 cxb4+ 22. c5 Qxc5+ 23. Rf2 gxf5 24. Bb2 Qb5 25. a4 Qa5 26. Qd4 Kb8 27.
Re2 Nf6 28. Qe5+ Ka8 29. Qxf5 Qb6+ 30. Kf1 d4 31. Qd3 Qc6 32. Nf3 Nd5 33. Re4
Ne3+ 34. Kf2 Qg6 35. Rg1 Qh7 36. Bxd4 Nd5 37. Rxg7 Qh6 38. Rg5 f5 39. Bg7 fxe4
40. Bxh6 exd3 41. Bxf8 Nxf4 42. Rf5 d2 43. Nxd2 Rxd2+ 44. Ke3 Rxh2 45. Rxf4 b3
46. Rb4 Ra2 47. Kd3 a5 48. Rc4 b5 49. axb5 a4 50. Bc5 Kb7 51. Re4 a3 52. Re7+
Kc8 53. b6 b2 54. b7+ Kb8 55. Bd6+ 1-0

[Event "Cto Equipos Aragon 2013 Preferente II"]
[Site "Aragon"]
[Date "2013.02.16"]
[Round "4.66"]
[White "Planas Torrea, Alberto"]
[Black "Dominguez Bujeda, Jesus"]
[Result "0-1"]
[WhiteElo "1940"]
[BlackElo "2146"]
[PlyCount "35"]
[EventDate "2013.??.??"]
[EventType "tourn"]
[EventRounds "9"]
[EventCountry "ESP"]
[WhiteTeam "Ejea"]
[BlackTeam "Teruel"]

1. e4 c5 2. Nf3 g6 3. d4 cxd4 4. Nxd4 Nc6 5. Nc3 Bg7 6. Be3 Nf6 7. Be2 O-O 8.
Bf3 Nxd4 9. Bxd4 d6 10. h4 Qa5 11. g4 Be6 12. g5 Nd7 13. Bxg7 Kxg7 14. Be2 Rfc8
15. f4 Qb4 16. O-O Qxb2 17. Qd4+ Kg8 18. Rf3 0-1

[Event "Cto Equipos Aragon 2013 Preferente II"]
[Site "Aragon"]
[Date "2013.02.16"]
[Round "4.67"]
[White "Marin Tolosa, Guillermo"]
[Black "Marcellan Peire, Jesus"]
[Result "0-1"]
[WhiteElo "1947"]
[BlackElo "1879"]
[PlyCount "105"]
[EventDate "2013.??.??"]
[EventType "tourn"]
[EventRounds "9"]
[EventCountry "ESP"]
[WhiteTeam "Teruel"]
[BlackTeam "Ejea"]

1. d4 Nf6 2. Nf3 g6 3. g3 Bg7 4. Bg2 O-O 5. O-O d5 6. Nbd2 c6 7. Ne5 Bf5 8. c3
Nbd7 9. f4 Rc8 10. Qb3 Nb6 11. a4 a5 12. Ndf3 Qc7 13. Be3 Ng4 14. Nxg4 Bxg4 15.
Rfe1 Nc4 16. Bc1 Nd6 17. Ne5 Bf5 18. Qd1 Be4 19. Bxe4 Nxe4 20. Qd3 e6 21. Nf3
c5 22. e3 cxd4 23. exd4 Nd6 24. g4 Rfe8 25. Bd2 Nc4 26. Bc1 Nd6 27. Bd2 Nc4 28.
Bc1 Nb6 29. h4 Nc4 30. Ne5 Nd6 31. Nf3 Ne4 32. Nd2 f5 33. g5 Nd6 34. Qe2 Nc4
35. h5 Qxf4 36. Nxc4 Qg3+ 37. Kf1 Rxc4 38. hxg6 hxg6 39. Be3 f4 40. Qf2 Qh3+
41. Ke2 Qxe3+ 42. Qxe3 fxe3 43. Kxe3 Rc7 44. Ra3 Rf7 45. b4 Bf8 46. Rb3 axb4
47. cxb4 Bd6 48. Rh1 Bf4+ 49. Ke2 Bxg5 50. Rbh3 Kf8 51. Rg1 Bf6 52. Rxg6 Bxd4
53. Rh8+ 0-1

[Event "Cto Equipos Aragon 2013 Preferente II"]
[Site "Aragon"]
[Date "2013.02.16"]
[Round "4.68"]
[White "Merin Flores, Miguel Angel"]
[Black "Barcena Laguia, Francisco"]
[Result "1-0"]
[WhiteElo "1716"]
[BlackElo "1905"]
[PlyCount "92"]
[EventDate "2013.??.??"]
[EventType "tourn"]
[EventRounds "9"]
[EventCountry "ESP"]
[WhiteTeam "Ejea"]
[BlackTeam "Teruel"]

1. d4 Nf6 2. c4 c5 3. d5 e5 4. Nc3 d6 5. e4 Be7 6. Bd3 Nbd7 7. Nge2 Nf8 8. Bd2
Ng6 9. Ng3 h5 10. Qc2 a6 11. O-O h4 12. Nf5 Kf8 13. h3 Nh5 14. Rac1 Nhf4 15.
Ne2 Bg5 16. Nxf4 Bxf4 17. Bc3 Rh5 18. b4 b6 19. a4 Rg5 20. Rb1 Bxf5 21. exf5
Ne7 22. Rfe1 f6 23. bxc5 dxc5 24. Be4 Qd6 25. Red1 Kf7 26. Bd2 Bxd2 27. Rxd2
Rb8 28. Qd3 Nc8 29. Rdb2 a5 30. Qb3 Qd7 31. Qb5 Ke7 32. Qb3 Nd6 33. Bc2 Kd8 34.
Qe3 Kc7 35. Re1 Nxf5 36. Bxf5 Rxf5 37. Rb5 Qd6 38. Reb1 e4 39. Qc3 Re5 40. Rd1
Rb7 41. Qd2 f5 42. Qg5 Re7 43. Qxf5 Qd8 44. Qf4+ Qd6 45. Re1 Rb8 46. Reb1 Rd8
1-0

[Event "Cto Equipos Aragon 2013 Preferente II"]
[Site "Aragon"]
[Date "2013.02.16"]
[Round "4.69"]
[White "Lopez Guaita, Fernando"]
[Black "Sanchez Castro, Roberto"]
[Result "1/2-1/2"]
[WhiteElo "2027"]
[BlackElo "2014"]
[PlyCount "93"]
[EventDate "2013.??.??"]
[EventType "tourn"]
[EventRounds "9"]
[EventCountry "ESP"]
[WhiteTeam "ONCE C.A. Aragon B"]
[BlackTeam "Ibercaja C"]

1. e4 d6 2. d4 Nf6 3. Nc3 c6 4. Nf3 g6 5. Be2 Bg7 6. h3 Qa5 7. O-O e5 8. dxe5
dxe5 9. Qd6 Nfd7 10. Bg5 Qc5 11. Qxc5 Nxc5 12. Nd2 b5 13. a3 Nbd7 14. b4 Ne6
15. Be3 a5 16. Na2 f5 17. f3 f4 18. Bf2 Nd4 19. Bd3 a4 20. Rab1 Ba6 21. c3 Ne6
22. c4 bxc4 23. Bxc4 Bxc4 24. Nxc4 Nd4 25. Nc3 Ke7 26. Rfd1 g5 27. Na5 Rhc8 28.
Nxa4 c5 29. Kf1 Ra6 30. Nc3 Ke6 31. Nd5 Nf6 32. Nxf6 Bxf6 33. Be1 Nc2 34. b5
Raa8 35. b6 Ne3+ 36. Ke2 Nxd1 37. b7 Ne3 38. Rb6+ Kf7 39. Rc6 Rcb8 40. bxa8=Q
Rxa8 41. Rxc5 Nxg2 42. Bb4 h5 43. Rc7+ Kg6 44. Rc6 Kf7 45. Rc7+ Kg6 46. Rc6 Kf7
47. Rc7+ 1/2-1/2